000
00309nam a2200121Ia 4500
008
190216s9999||||xx |||||||||||||| ||und||
100
_a
Lenbuckwalter
245
0
_a
99ways To Improve Your Short Wave Listening
260
_b
Db.Taraporevala Sons &co
_c
1972
300
_a
144p
650
_a
Physics
942
_c
BK
999
_c
33071
_d
33071